| 000 | 00462nam a22001697a 4500 | ||
|---|---|---|---|
| 003 | OSt | ||
| 005 | 20260127011048.0 | ||
| 008 | 260126b |||||||| |||| 00| 0 eng d | ||
| 020 | _a9781594743344 | ||
| 040 |
_aDWCL-Main Lib _cOC |
||
| 082 | _aFic. A933p 2009 | ||
| 100 | _aAusten, Jane | ||
| 245 | _aPride and prejudice and zombies | ||
| 260 |
_aPhiladelphia : _bQuirk books, _c c2009. |
||
| 300 |
_a319 pages. : _b illustration. ; _c21 cm. |
||
| 942 |
_2ddc _cFIC. _n0 |
||
| 999 |
_c7827 _d7827 |
||